Móricz Zsigmond realizmusa
Elmentve itt :
| Szerző: | |
|---|---|
| Dokumentumtípus: | Cikk |
| Megjelent: |
2003
|
| Sorozat: | Módszertani közlemények
43 No. 4 |
| Kulcsszavak: | Móricz Zsigmond, Irodalomelmélet |
| Online Access: | http://acta.bibl.u-szeged.hu/28610 |
| LEADER | 00612nab a2200181 i 4500 | ||
|---|---|---|---|
| 001 | acta28610 | ||
| 005 | 20210222094550.0 | ||
| 008 | 161017s2003 hu o 0|| hun d | ||
| 022 | |a 1219-0608 | ||
| 040 | |a SZTE Egyetemi Kiadványok Repozitórium |b hun | ||
| 041 | |a hun | ||
| 100 | 1 | |a Imre Rubenné | |
| 245 | 1 | 0 | |a Móricz Zsigmond realizmusa |h [elektronikus dokumentum] / |c Imre Rubenné |
| 260 | |c 2003 | ||
| 300 | |a 179-187 | ||
| 490 | 0 | |a Módszertani közlemények |v 43 No. 4 | |
| 695 | |a Móricz Zsigmond, Irodalomelmélet | ||
| 856 | 4 | 0 | |u http://acta.bibl.u-szeged.hu/28610/1/modszertani_043_004_179-187.pdf |z Dokumentum-elérés |